000 00295nam a22001337a 4500
008 170918b xxu||||| |||| 00| 0 eng d
020 _a2901563673664
041 _aeng
080 _22ND
_a7
100 _a44
101 _aART
245 _aTHEMEANINGS OF DRESS
_cDAMHORST,M.L
942 _2udc
_cBK
999 _c27888
_d27888